000 00649cas a2200193 4500
008 110120n eng u
020 _a9789251064191
035 _a(Sirsi) a172246
050 _aFAO SH1.F2:
_bFIS 2010
245 _aFish as feed inputs for aquaculture:
_bPractices,sustainability and Implications/
_cedited by Mohammad R. Hasan and Matthias Halwart
260 _aRome:
_bFood and Agriculture Organisation,
_c2009
300 _axvi,407p.:
_bill.
362 _ano.518
650 _aFisheries
650 _aAquaculture
700 _aHasan,R. Mohammad
700 _aHalwart, Matthias
710 _aFood and Agriculture Organisation
999 _c115692
_d115692